|
|
|
|
| LEADER |
01044nam a2200349 4500 |
| 001 |
DLU200194512 |
| 005 |
##20200205 |
| 020 |
# |
# |
|a 9786045751404
|
| 040 |
# |
# |
|a DLU
|b vie
|
| 041 |
# |
# |
|a vie
|
| 044 |
# |
# |
|a vn
|
| 082 |
# |
# |
|a 345.597
|b NG-L
|
| 100 |
# |
# |
|a Nguyễn Thị Loan,
|c TS.
|
| 245 |
# |
# |
|a Bài tập Luật hình sự và Luật tố tụng hình sự /
|c Nguyễn Thị Loan, Trần Thị Ngọc Kim, Trần Thị Thanh Hằng.
|
| 260 |
# |
# |
|a H. :
|b Chính trị Quốc gia Sự thật,
|c 2019.
|
| 300 |
# |
# |
|a 140 tr. ;
|c 21 cm.
|
| 504 |
# |
# |
|a Tài liệu tham khảo: tr. 122-137.
|
| 505 |
# |
# |
|a Phần I. Bài tập tình huống -- Phần II. Gợi ý trả lời.
|
| 650 |
# |
# |
|a Luật hình sự
|z Việt Nam.
|
| 700 |
# |
# |
|a Trần Thị Ngọc Kim.
|
| 700 |
# |
# |
|a Trần Thị Thanh Hằng.
|
| 923 |
# |
# |
|a 08/2019
|
| 991 |
# |
# |
|a SH
|
| 992 |
# |
# |
|a 60000
|
| 994 |
# |
# |
|a DLU
|
| 900 |
# |
# |
|a True
|
| 911 |
# |
# |
|a Nguyễn Thanh Hương
|
| 925 |
# |
# |
|a G
|
| 926 |
# |
# |
|a A
|
| 927 |
# |
# |
|a SH
|
| 980 |
# |
# |
|a Thư viện Trường Đại học Đà Lạt
|